[Event "Let's Play Chess!"]
[Site "http://www.queenalice.com/game.php?id=1768403"]
[Date "2021.9.1"]
[Round "-"]
[White "bobifixer"]
[Black "george941"]
[Result "1-0"]
[WhiteElo "2036"]
[BlackElo "1854"]

1. Nf3 d6 2. d4 e6 3. g3 Ne7 4. e4 Nd7 5. Bg2 Ng6 6. c4 Nb6 7. b3 Be7 8. O-O Bd7
9. Bb2 O-O 10. Nc3 e5 11. dxe5 dxe5 12. Nd5 Bg4 13. Nxe7+ Qxe7 14. Qc2 Rad8 15.
Rad1 Rd6 16. Rxd6 cxd6 17. Rd1 h5 18. h3 Bxf3 19. Bxf3 h4 20. Ba3 hxg3 21. fxg3
Nd7 22. Bxd6 Qe6 23. Bg4 Qe8 24. Bxf8 Ndxf8 25. Qd3 Ne6 26. Bxe6 Qxe6 27. Kg2
Qa6 28. Qd8+ Kh7 29. Rd2 Qc6 30. Qd5 1-0

[Event "Let's Play Chess!"]
[Site "http://www.queenalice.com/game.php?id=1770682"]
[Date "2021.9.24"]
[Round "-"]
[White "sasquatico"]
[Black "george941"]
[Result "0-1"]
[WhiteElo "1817"]
[BlackElo "1881"]

1. d4 e6 2. e4 d6 3. Nf3 Ne7 4. Nc3 Nd7 5. d5 Nb6 6. h3 Ng6 7. dxe6 Bxe6 8. Be3
Be7 9. Bd3 O-O 10. Qd2 Qd7 11. Bxb6 axb6 12. O-O Bxh3 13. e5 Bf5 14. exd6 Bxd6
15. Bxf5 Qxf5 16. Ne2 Rad8 17. Qg5 Qxc2 18. Qb5 Rfe8 19. Ned4 Qc5 20. Qxc5 Bxc5
21. Nb3 h6 22. Nxc5 bxc5 23. Rac1 b6 24. Rfd1 Nf4 25. Kh2 Nd3 26. Rc2 Nb4 27.
Rcd2 Rxd2 28. Rxd2 Nxa2 29. Kg3 Re7 30. Ng1 Nb4 31. Ne2 Kf8 32. Nc3 Ke8 33. Kf3
Rd7 34. Re2+ Re7 35. Re4 Nd3 36. Rxe7+ Kxe7 37. Nd5+ Kd6 0-1

[Event "Let's Play Chess!"]
[Site "http://www.queenalice.com/game.php?id=1770683"]
[Date "2021.9.26"]
[Round "-"]
[White "bobifixer"]
[Black "george941"]
[Result "1-0"]
[WhiteElo "2058"]
[BlackElo "1890"]

1. c4 d6 2. Nf3 e6 3. d4 Ne7 4. g3 Nd7 5. Bg2 Ng6 6. O-O Nb6 7. b3 Be7 8. Nc3
O-O 9. Bb2 Bd7 10. e4 f5 11. exf5 exf5 12. h4 c5 13. dxc5 dxc5 14. Nd5 Nxd5 15.
Qxd5+ Kh8 16. Rad1 Bc6 17. Qxd8 Raxd8 18. Rfe1 Bf6 19. Bxf6 Rxf6 20. Rxd8+ Rf8
21. Rxf8+ Nxf8 22. Ne5 Bxg2 23. Kxg2 1-0

[Event "Challenge"]
[Site "http://www.queenalice.com/game.php?id=1771395"]
[Date "2021.10.4"]
[Round "-"]
[White "george941"]
[Black "naugard47"]
[Result "1/2-1/2"]
[WhiteElo "1894"]
[BlackElo "1679"]

1. d4 d5 2. c4 dxc4 3. e4 b5 4. Nf3 Bg4 5. Be2 f6 6. O-O e6 7. Nc3 a6 8. Be3 c6
9. Qc2 Bb4 10. a4 Ne7 11. h3 Bh5 12. axb5 cxb5 13. g4 Bg6 14. Bd2 Ba5 15. b3 O-O
16. Bd1 Nbc6 17. bxc4 Nxd4 18. Nxd4 Qxd4 19. Rxa5 Nc6 20. Ra1 b4 21. Rb1 bxc3
22. Bxc3 Qxc4 23. Bf3 Rab8 24. Rxb8 Rxb8 25. Be2 Qb3 26. Rc1 Qxc2 27. Rxc2 Bxe4
28. Rb2 Rxb2 29. Bxb2 a5 30. Bb5 Na7 31. Bc4 Kf7 32. Kh2 h6 33. f4 Nc6 34. Bb3
f5 35. Bc3 fxg4 36. hxg4 Bf3 37. f5 Bxg4 38. fxe6+ Bxe6 39. Bd1 Nb4 40. Kg3 g6
41. Be2 g5 42. Bh5+ Kg8 43. Be8 Kf8 44. Bh5 Bf7 45. Bf3 h5 46. Bf6 g4 47. Bd1
Nd3 48. Bc3 Nc5 49. Bxa5 Ne4+ 50. Kh4 Nf2 51. Be2 Kg7 52. Bb6 Ne4 53. Bd4+ Kg6
54. Bxg4 hxg4 55. Kxg4 Nd6 56. Bc5 1/2-1/2

[Event "Let's Play Chess!"]
[Site "http://www.queenalice.com/game.php?id=1779649"]
[Date "2022.1.8"]
[Round "-"]
[White "george941"]
[Black "igor12345"]
[Result "1-0"]
[WhiteElo "1884"]
[BlackElo "2049"]

1. d4 d5 2. Nf3 h6 3. Bf4 Bg4 4. c3 Bxf3 5. exf3 e6 6. Bd3 a6 7. O-O c5 8. Nd2
Nc6 9. Qb3 c4 10. Nxc4 dxc4 11. Bxc4 b5 12. Bd3 Nf6 13. Rfe1 Be7 14. Qd1 O-O 15.
Qc2 Nd5 16. Bg3 Bd6 17. Qd2 Bxg3 18. hxg3 Re8 19. g4 Nb6 20. f4 Nc4 21. Qe2 Nd6
22. Qf3 Qc7 23. Rac1 Qb6 24. g5 Nf5 25. Bxf5 exf5 26. d5 Ne7 27. gxh6 gxh6 28.
g3 Rad8 29. Re5 Qf6 30. Rce1 Kf8 31. Qe2 Qd6 32. Qe3 Qc7 33. a4 bxa4 34. c4 Rd7
35. c5 Qd8 36. d6 a5 37. Qc3 Kg8 38. c6 Rxd6 39. c7 Qc8 40. Rxe7 Rxe7 41. Rxe7
Rd1+ 42. Kh2 Rd7 43. Rxd7 Qxd7 44. c8=Q+ 1-0

[Event "Let's Play Chess!"]
[Site "http://www.queenalice.com/game.php?id=1780494"]
[Date "2022.1.18"]
[Round "-"]
[White "igor12345"]
[Black "george941"]
[Result "1-0"]
[WhiteElo "2045"]
[BlackElo "1881"]

1. e4 e6 2. d4 Ne7 3. c4 d6 4. Nf3 Ng6 5. Be2 Nd7 6. Nc3 Be7 7. O-O O-O 8. e5
Nb6 9. a3 dxe5 10. dxe5 Bd7 11. b3 Bc6 12. Bb2 Qc8 13. Na2 Rd8 14. Qc1 a5 15.
Qe3 Bxf3 16. Bxf3 a4 17. c5 Nd5 18. Bxd5 Rxd5 19. b4 b6 20. cxb6 cxb6 21. Rac1
Qd8 22. f4 Rd2 23. Rf2 Rd1+ 24. Rxd1 Qc7 25. Rc1 Qb7 26. Nc3 Rc8 27. Nxa4 Rxc1+
28. Bxc1 1-0

[Event "Challenge"]
[Site "http://www.queenalice.com/game.php?id=1780730"]
[Date "2022.1.18"]
[Round "-"]
[White "george941"]
[Black "jorm"]
[Result "1-0"]
[WhiteElo "1865"]
[BlackElo "1871"]

1. d4 d5 2. Nf3 h6 3. Bf4 Nc6 4. c3 Bd7 5. h4 h5 6. e3 a6 7. Be2 f6 8. Nbd2 Nh6
9. Qc2 Bf5 10. Bd3 g6 11. O-O-O Bxd3 12. Qxd3 f5 13. Nb3 b5 14. Ng5 Qd7 15. Nc5
Qc8 16. Nce6 Ra7 17. f3 Nf7 18. Nxf7 Kxf7 19. Ng5+ Kg8 20. e4 e6 21. exf5 exf5
22. Rde1 Ne7 23. Ne6 Bh6 24. Bxh6 Rxh6 25. Ng5 c6 26. Re5 c5 27. Rhe1 Qd8 28.
dxc5 Rh7 29. Nxh7 Kxh7 30. f4 Nc6 31. Rxd5 Qc8 32. Kb1 b4 33. Rd6 Rc7 34. cxb4
Nxb4 35. Qd4 Nc6 36. Rxc6 Qd7 37. Qxd7+ Rxd7 38. Rxa6 Rd4 39. Ra7+ Kh6 40. Re8
1-0

[Event "Let's Play Chess!"]
[Site "http://www.queenalice.com/game.php?id=1782373"]
[Date "2022.2.9"]
[Round "-"]
[White "X128"]
[Black "george941"]
[Result "1-0"]
[WhiteElo "2131"]
[BlackElo "1885"]

1. e4 e5 2. Nf3 Nc6 3. Bc4 Bc5 4. O-O Nf6 5. d3 O-O 6. c3 d6 7. h3 Qe7 8. Re1
Be6 9. Bxe6 Qxe6 10. d4 exd4 11. cxd4 Nxd4 12. Nxd4 Bxd4 13. Qxd4 b6 14. Bg5 c5
15. Qe3 Nxe4 16. Qxe4 Qxe4 17. Rxe4 Rfe8 18. Rxe8+ 1-0

[Event "Challenge"]
[Site "http://www.queenalice.com/game.php?id=1784014"]
[Date "2022.3.4"]
[Round "-"]
[White "dosoldini"]
[Black "george941"]
[Result "1-0"]
[WhiteElo "1551"]
[BlackElo "1895"]

1. d4 Nf6 2. Nd2 e6 3. e4 d5 4. e5 Ne4 5. Nxe4 dxe4 6. Qe2 Qxd4 7. c3 Qxe5 8.
Qb5+ Qxb5 9. Bxb5+ Nc6 10. Be3 Bd7 11. Be2 Be7 12. f3 exf3 13. Nxf3 O-O-O 14.
O-O f5 15. Nd2 g5 16. Bf3 f4 17. Bd4 Nxd4 18. cxd4 Bb4 19. Ne4 Bc6 20. Nxg5 Bxf3
21. Rxf3 Rxd4 22. Nxe6 Re4 23. Rxf4 Rxf4 24. Nxf4 Rd8 25. h3 Rd2 26. Rf1 Bc5+
27. Kh1 1-0

[Event " XenoBroly00"]
[Site "http://www.queenalice.com/game.php?id=1785391"]
[Date "2022.3.21"]
[Round "-"]
[White "george941"]
[Black "zubarev"]
[Result "1-0"]
[WhiteElo "1872"]
[BlackElo "1775"]

1. d4 d5 2. Nf3 Nc6 3. Bg5 Nf6 4. e3 e6 5. Bd3 Be7 6. O-O O-O 7. Nbd2 h6 8. Bh4
Ne8 9. Bxe7 Qxe7 10. c3 e5 11. Nxe5 Nxe5 12. dxe5 Qxe5 13. Nf3 Qe6 14. Qc2 Nf6
15. c4 c6 16. cxd5 cxd5 17. Qc7 Ne4 18. Bxe4 dxe4 19. Nd4 Qd7 20. Rfc1 Qxc7 21.
Rxc7 Rb8 22. h4 f5 23. Rac1 b6 24. Nc6 Ra8 25. Ne7+ Kh7 26. Nxc8 1-0

[Event "Challenge"]
[Site "http://www.queenalice.com/game.php?id=1785845"]
[Date "2022.3.29"]
[Round "-"]
[White "jorm"]
[Black "george941"]
[Result "0-1"]
[WhiteElo "1866"]
[BlackElo "1907"]

1. e4 e5 2. Nc3 Nc6 3. Nf3 f5 4. exf5 d5 5. g4 Nf6 6. h3 b6 7. a3 Bb7 8. Bg2 Qe7
9. O-O O-O-O 10. d4 e4 11. Ne1 g6 12. fxg6 hxg6 13. Be3 Ba6 14. Ne2 Qh7 15. f3
Re8 16. f4 Bd6 17. g5 Nh5 18. Rf2 Ne7 19. h4 Ng7 20. Bh3+ Kb8 21. Ng2 Bc8 22.
Bxc8 Rxc8 23. Ng3 Ngf5 24. Nxf5 Nxf5 25. Qg4 Qg7 26. c3 Rh7 27. Kf1 Rch8 28. Ke1
Rxh4 29. Nxh4 Rxh4 30. Qe2 Ng3 31. Qc2 Rh1+ 32. Kd2 Rxa1 33. Rg2 Nf1+ 34. Ke2
Nxe3 35. Kxe3 Qh8 36. Qf2 Qh1 37. Rh2 Qc1+ 38. Qd2 Qf1 39. Rf2 Re1+ 0-1

[Event "Let's Play Chess!"]
[Site "http://www.queenalice.com/game.php?id=1794741"]
[Date "2022.8.22"]
[Round "-"]
[White "Charlie"]
[Black "george941"]
[Result "1/2-1/2"]
[WhiteElo "1930"]
[BlackElo "1932"]

1. e4 e5 2. Nf3 Nc6 3. Bc4 Bc5 4. d3 Nf6 5. Nc3 O-O 6. Bg5 h6 7. Bxf6 Qxf6 8.
O-O Ne7 9. Na4 b6 10. Nc3 c6 11. Rb1 b5 12. Bb3 Ng6 13. a4 b4 14. Ne2 d5 15.
exd5 cxd5 16. Bxd5 Rb8 17. c4 Rd8 18. Re1 Bb7 19. Bxb7 Rxb7 20. Ng3 Rbd7 21. Ne4
Qe7 22. Nxc5 Qxc5 23. b3 Rxd3 24. Qc2 f5 25. h3 e4 26. Rbd1 Rxd1 27. Rxd1 Rxd1+
28. Qxd1 exf3 29. Qxf3 Kh7 30. Kh2 Qe5+ 31. g3 Nh4 32. Qb7 a5 33. c5 Qxc5
1/2-1/2

[Event "Let's Play Chess!"]
[Site "http://www.queenalice.com/game.php?id=1794743"]
[Date "2022.8.22"]
[Round "-"]
[White "george941"]
[Black "ajr"]
[Result "1-0"]
[WhiteElo "1921"]
[BlackElo "1793"]

1. c4 Nf6 2. Nc3 e5 3. e4 Nc6 4. Nge2 Bb4 5. g3 d6 6. Bg2 Bg4 7. O-O Bxc3 8.
bxc3 O-O 9. h3 Bxe2 10. Qxe2 Re8 11. d3 h6 12. Be3 b6 13. f4 Qe7 14. Rf2 Rad8
15. Raf1 exf4 16. Bxf4 g5 17. Bd2 Kg7 18. d4 Nxe4 19. Rxf7+ Qxf7 20. Rxf7+ Kxf7
21. Bxe4 d5 22. cxd5 Na5 23. Qh5+ 1-0

[Event "Let's Play Chess!"]
[Site "http://www.queenalice.com/game.php?id=1796760"]
[Date "2022.9.23"]
[Round "-"]
[White "george941"]
[Black "Charlie"]
[Result "0-1"]
[WhiteElo "1939"]
[BlackElo "1963"]

1. c4 Nf6 2. Nc3 c6 3. e4 e5 4. d3 d5 5. cxd5 cxd5 6. Bg5 d4 7. Nd5 Be6 8. a3
Bxd5 9. exd5 Qa5+ 10. b4 Qxd5 11. Nf3 Nc6 12. Bxf6 gxf6 13. g3 a5 14. Bg2 axb4
15. O-O Qd8 16. a4 Bg7 17. Nh4 Qd7 18. Qh5 Ne7 19. a5 O-O 20. Be4 h6 21. a6 Rxa6
22. Rab1 Qb5 23. Nf5 Nxf5 24. Bxf5 b3 25. Qd1 b2 26. Qc2 Ra2 27. Be4 Re8 28. h4
b6 29. Bc6 Rc8 30. Bxb5 Rxc2 31. Kg2 Ra7 32. Kh3 Ra3 33. f4 Rac3 34. fxe5 Rc1
35. exf6 Rxf1 36. Rxb2 Rxf6 37. Bc4 h5 38. Kg2 Rc6 0-1

[Event "Let's Play Chess!"]
[Site "http://www.queenalice.com/game.php?id=1796765"]
[Date "2022.9.23"]
[Round "-"]
[White "attib"]
[Black "george941"]
[Result "0-1"]
[WhiteElo "1704"]
[BlackElo "1932"]

1. d4 Nf6 2. c4 e6 3. e3 d5 4. c5 c6 5. Nf3 Be7 6. Nc3 O-O 7. Be2 b6 8. cxb6
axb6 9. b3 Ba6 10. Bb2 Qc8 11. O-O c5 12. Bxa6 Nxa6 13. a3 cxd4 14. Nxd4 Nc5 15.
b4 Nce4 16. Ncb5 Qb8 17. Nc6 Qb7 18. Ncd4 Rfc8 19. Nf3 Ne8 20. Ne5 Qa6 21. a4
N8d6 22. Qg4 Nxb5 23. axb5 Qb7 24. Nc6 Bf6 25. Bxf6 Nxf6 26. Qg3 Ne4 27. Qg4
Rxa1 28. Rxa1 Ra8 29. Rxa8+ Qxa8 30. h3 Qa1+ 31. Kh2 Nxf2 32. Qe2 Qh1+ 33. Kg3
Ne4+ 34. Kf4 Qh2+ 0-1

[Event "Let's Play Chess!"]
[Site "http://www.queenalice.com/game.php?id=1802876"]
[Date "2022.12.30"]
[Round "-"]
[White "george941"]
[Black "EddieK"]
[Result "0-1"]
[WhiteElo "1896"]
[BlackElo "2500"]

1. c4 e5 2. Nc3 Nc6 3. e4 g6 4. d3 Bg7 5. Nge2 d6 6. g3 Nge7 7. Bg2 O-O 8. O-O
a5 9. Bg5 h6 10. Be3 Nd4 11. Nd5 Nxd5 12. cxd5 c6 13. Rc1 cxd5 14. exd5 Nf5 15.
Bd2 Bd7 16. Nc3 b5 17. Ne4 Ra6 18. f4 exf4 19. Bxf4 Qb6+ 20. Kh1 Ne3 21. Qe1
Nxf1 22. Qxf1 f5 23. Bxd6 Rf7 24. Bc5 fxe4 25. Qxf7+ Kxf7 26. Bxb6 Rxb6 27. b3
exd3 28. Rd1 Rf6 29. Rxd3 Ke7 30. Be4 Bh3 31. Bg2 Bxg2+ 32. Kxg2 Kd6 33. Rd2 Rf5
34. Kh3 Rxd5 35. Rxd5+ Kxd5 36. Kg2 Kd4 37. Kf3 Kc3 38. Ke4 Kb2 0-1

[Event "Let's Play Chess!"]
[Site "http://www.queenalice.com/game.php?id=1802877"]
[Date "2022.12.30"]
[Round "-"]
[White "EddieK"]
[Black "george941"]
[Result "1-0"]
[WhiteElo "2469"]
[BlackElo "1924"]

1. d4 Nf6 2. Nc3 d5 3. Bf4 e6 4. Nb5 Bb4+ 5. c3 Bd6 6. Nxd6+ cxd6 7. e3 O-O 8.
Bd3 Nc6 9. Bg5 h6 10. Bh4 Ne7 11. Bxf6 gxf6 12. Qh5 Kg7 13. Ne2 Bd7 14. Qf3 Nf5
15. Bxf5 exf5 16. Qg3+ Kh7 17. Qxd6 Bc6 18. Qxd8 Raxd8 19. a4 Rg8 20. Nf4 a5 21.
Kd2 b6 22. b3 Bb7 23. c4 dxc4 24. bxc4 Bxg2 25. Rhb1 Be4 26. Rxb6 Rb8 27. Rb5
1-0

[Event "Let's Play Chess!"]
[Site "http://www.queenalice.com/game.php?id=1807232"]
[Date "2023.3.5"]
[Round "-"]
[White "RookXPawn"]
[Black "george941"]
[Result "1-0"]
[WhiteElo "2382"]
[BlackElo "1898"]

1. e4 e6 2. d4 d5 3. Nc3 Bb4 4. e5 Nd7 5. f4 c5 6. a3 Bxc3+ 7. bxc3 Qa5 8. Bd2
cxd4 9. cxd4 Qb6 10. Nf3 Ne7 11. Bd3 O-O 12. Rb1 Qc7 13. Bb4 Re8 14. Bxh7+ Kxh7
15. Ng5+ Kg6 16. Qd3+ Nf5 17. g4 Qc4 18. Qh3 Nh6 19. Qh5# 1-0

[Event "Let's Play Chess!"]
[Site "http://www.queenalice.com/game.php?id=1812279"]
[Date "2023.5.23"]
[Round "-"]
[White "piemme"]
[Black "george941"]
[Result "1-0"]
[WhiteElo "1723"]
[BlackElo "1894"]

1. e4 c6 2. Bc4 d5 3. exd5 cxd5 4. Bb5+ Bd7 5. Bf1 e5 6. d3 Nf6 7. Nc3 Be7 8.
Bg5 O-O 9. Nf3 Bg4 10. Be2 h6 11. Bd2 Nc6 12. O-O d4 13. Nb1 Qb6 14. b3 Rac8 15.
Qe1 e4 16. dxe4 Nxe4 17. h3 Bh5 18. a4 Rfe8 19. Qd1 Nb4 20. Bxb4 1-0